[Event "Prague Masters 2nd"]
[Site "Prague"]
[Date "2020.02.12"]
[Round "1"]
[White "Vitiugov, Nikita"]
[Black "Anton Guijarro, David"]
[Result "1-0"]
[WhiteElo "2731"]
[BlackElo "2697"]
[Annotator "Vitiugov,N"]
[PlyCount "87"]
[EventDate "2020.02.12"]
[EventType "tourn"]
[EventRounds "9"]
[EventCountry "CZE"]
[EventCategory "19"]
[SourceTitle "CBM 195"]
[Source "ChessBase"]
[SourceDate "2020.04.30"]
[SourceVersion "1"]
[SourceVersionDate "2020.04.30"]
[SourceQuality "1"]

{We came to this game in different moods. David just won B group in
Wijk-an-Zee and got a spot in the Masters for next year, while I couldn't win
a single game in this Masters. But new place, new tournament always gives you
a chance for a fresh start!} 1. e4 c5 {Small surprise. My opponents has a very
good stat in Open Ruy Lopez, but following modern trends (or not?) he also
plays other lines from time to time.} 2. Nf3 Nc6 3. Bb5 ({I am not sure what
would have come up after} 3. d4 cxd4 4. Nxd4 {In the last round in Wijk he
preferred} e5 5. Nb5 d6 6. c4 Be6 7. N5c3 g6 8. Be2 Bg7 9. Be3 Nge7 10. Nd5 O-O
11. Nbc3 Nd4 {and Black is ok, Van Foreest,L (2523)-Anton Guijarro,D (2694)
Wijk aan Zee 2020.}) 3... g6 4. O-O Bg7 5. c3 ({Several times I played} 5. Nc3
{here, but you can't be so predictable.}) 5... Nf6 (5... e5 {would be great,
if it weren't for} 6. d4 cxd4 7. cxd4 exd4 8. Bf4 Nge7 9. Bd6 O-O 10. Nbd2 a6
11. Qa4 Ra7 12. Bd3 b5 13. Qc2 Bb7 14. a4 $36 {1-0 (44) Caruana,F (2812)
-Fedoseev,V (2664) Douglas ENG 2019}) 6. Re1 O-O 7. d4 a6 $1 {Good move.} ({
The main line is} 7... d5 8. e5 Ne4 9. Be3 Qb6 10. Bxc6 bxc6 11. Qc1 Rb8 12. b3
Qa5 13. dxc5 Rxb3 14. axb3 Qxa1 15. b4 Qa4 16. Nd4 Bxe5 17. f3 Nf6 18. Qa3 $44
{1-0 (79) Caruana,F (2822)-Dubov,D (2683) Wijk aan Zee NED 2020}) 8. Bxc6 {
Usually, White plays this without being provoked, so now it at least deserves
attention.} ({Later David repeated the line and this time with success:} 8. Bd3
d5 9. e5 Ne4 (9... Ne8 {Playable, but definitely not the best.} 10. dxc5 Bg4
11. Be2 Nc7 12. Nbd2 a5 13. h3 Bc8 14. Bd3 Ne6 15. Nb3 a4 16. Nbd4 Nxc5 17. Bc2
Qa5 18. Bd2 Rd8 {1/2-1/2 (54) Anand,V (2758)-Carlsen,M (2872) Wijk aan Zee NED
2020}) 10. Be3 Qb6 11. Qc2 cxd4 12. cxd4 Bf5 13. Nc3 Nxc3 14. bxc3 Bxd3 15.
Qxd3 Na5 16. h4 Qe6 $13 {0-1 (67) Grandelius,N (2659)-Anton Guijarro,D (2697)
Prague CZE 2020}) 8... dxc6 9. h3 ({I also considered} 9. Qc2 cxd4 10. cxd4 Bg4
11. Nbd2 {, but wasn't sure how I am gonna proceed.} {Another problem is Black
should be just fine after} Nd7 12. h3 Bxf3 13. Nxf3 e5) 9... cxd4 10. cxd4 c5
11. d5 b5 12. Qc2 {I was thinking how to mix a4 and Qc2 ideas, but it is just
not the way.} ({It doesn't seem obviously to me, but the computer thinks White
should go} 12. Nc3 Bb7 13. Bf4) 12... c4 {Not bad, but slow.} ({I like} 12...
Bb7 {and White probably has to take on c5 - otherwise, he just has lost an
important tempo.} 13. Qxc5 Nxe4 14. Rxe4 Rc8 15. Qe3 Bxd5 (15... Qxd5 $2 16.
Nbd2 $1 {- only, but enough.}) 16. Nc3 Bxe4 17. Qxe4 Bxc3 18. bxc3 Qd1+ 19. Ne1
Rfd8 $11) 13. a4 Bb7 14. Bd2 Qd7 $6 {I was right thinking this isn't the best
option, but what I've learnt in Prague for sure - knowing the opponent has
made a mistake and coming up with a refutation is two very different things.} (
14... Re8 {is the correct move:} 15. axb5 axb5 16. Rxa8 Qxa8 (16... Bxa8 {
is even stronger -} 17. Na3 e6 $1) 17. Na3 Qa6 18. Nd4 Nxd5 19. Ndxb5 c3 20.
bxc3 Nf6 21. c4 Rc8 $44 {, but at least White is pawn up.}) 15. axb5 $6 {
Not now.} (15. Bc3 {and if} e6 16. d6 $1) 15... axb5 16. Rxa8 Rxa8 17. Bb4 {
Logical, but too smart to be strong.} Nh5 18. Qd2 $6 {Of course, I saw the
next move, but сouldn't evaluate it correctly.} e5 $1 {A very dynamic move,
despite the fact that Black kills the bishop on b7 with it. The mix of White's
awkard placed pieces, the superb f4 square and the coming f5 breakthrough
guarantee excellent play for Black.} 19. Rd1 Nf4 {Again, too conservative.} (
19... f5 $1 20. exf5 Nf4 {was not easy to find, but Black is much better here.}
) 20. Ne1 f5 21. f3 Bf8 {We were in mutual time-trouble, so here mistakes come.
} (21... fxe4 $5 22. fxe4 g5 $36) 22. Kh2 $6 {Now, after an eventual Bc8,
after Nxg2 or Nxh3 sacs h3 will be hanging with check.} (22. Bxf8 Rxf8 23. Nc3
fxe4 24. fxe4 Bc8 25. d6 Bb7 $13) 22... fxe4 23. fxe4 Bxb4 (23... g5 $5) 24.
Qxb4 Rf8 25. Nd2 $1 {Well played. The pawn on e5 is more important than the
one on b5.} (25. Nc3 Nxh3 26. gxh3 Bc8 27. Ng2 Qxh3+ 28. Kg1 Qg3 29. Rd2 {
and White holds, but nothing more.}) 25... Bc8 26. Qc3 Qa7 {For a second I
thought I was lost, but it isn't the case.} 27. Ndf3 Bxh3 28. Qxe5 $6 {Very
natural and fine, but White is already better and could play for more.} (28. d6
$1) 28... Bg4 $6 {Missing the chance.} (28... Nxg2 29. Kxh3 Nxe1 30. Nxe1 (30.
Qe6+ Kg7 31. Qe5+ $11) 30... Qg1 31. Qh2 Qe3+ 32. Qg3 Qe2 33. Qg4 Qe3+ $11) 29.
d6 Qf7 30. Rd2 Bd7 ({After the game we agreed, that} 30... Bxf3 31. Nxf3 Nd3 {
was significantly better, but connected pawns are very strong!} 32. Qg3 Qe6 33.
e5 Rf5 34. Kg1 $14) 31. Ng5 Qg7 32. Qxg7+ Kxg7 33. g3 $6 {Again - White is
better!} (33. e5 $1) 33... Ne6 34. Nxe6+ Bxe6 35. Nc2 Bd7 (35... Kf6 36. Rf2+
Kg7 37. Rd2 $11 (37. Rxf8 Kxf8 38. Nd4 Bd7 {and only White may be worse.})) 36.
Nb4 (36. e5 Re8 37. Rd5 $1) 36... Rf3 $2 {Black is making the last mistake in
the game.} 37. Kg2 Re3 38. Na6 $1 $18 {Now it is over.} Rd3 39. Rxd3 cxd3 40.
Kf2 Kf6 41. Nc5 Bg4 42. Ke3 h5 43. Kxd3 g5 44. Ke3 1-0

[Event "PNWCC Super m"]
[Site "Chess.com INT"]
[Date "2020.06.19"]
[Round "4"]
[White "Xiong, Jeffery"]
[Black "Vitiugov, Nikita"]
[Result "0-1"]
[WhiteElo "2709"]
[BlackElo "2722"]
[PlyCount "62"]
[EventDate "2020.06.16"]
[EventType "match"]
[EventRounds "4"]
[EventCountry "USA"]
[SourceTitle "CBM 197 Extra"]
[Source "ChessBase"]
[SourceDate "2020.09.30"]
[SourceVersion "1"]
[SourceVersionDate "2020.09.30"]
[SourceQuality "1"]

1. e4 e5 2. Nf3 Nc6 3. Bb5 a6 4. Ba4 Nf6 5. O-O Be7 6. Bxc6 dxc6 7. d3 Nd7 8.
Nbd2 f6 9. Nc4 Nc5 10. Nh4 g6 11. Bh6 Be6 12. Qe2 Bxc4 13. dxc4 Qd4 14. Rfe1
Qxb2 15. Rad1 Qxa2 16. f4 Bf8 17. Bxf8 Rxf8 18. fxe5 fxe5 19. Nf3 Rd8 20. Ng5
h6 21. Nf3 Rd6 22. Nxe5 Qb2 23. Rxd6 cxd6 24. Nxg6 Qd4+ 25. Kh1 Rf6 26. Qg4 Qd2
27. Rg1 Qg5 28. Qc8+ Kf7 29. e5 Rxg6 30. Rf1+ Kg7 31. g3 Qxe5 0-1

[Event "RUS-chT"]
[Site "Sochi"]
[Date "2021.05.03"]
[Round "3.1"]
[White "Vitiugov, Nikita"]
[Black "Predke, Alexandr"]
[Result "1-0"]
[WhiteElo "2715"]
[BlackElo "2690"]
[PlyCount "85"]
[EventDate "2021.05.01"]
[EventType "team-tourn"]
[EventRounds "9"]
[EventCountry "RUS"]
[SourceTitle "CBM 202"]
[Source "ChessBase"]
[SourceDate "2021.05.27"]
[SourceVersion "1"]
[SourceVersionDate "2021.05.27"]
[SourceQuality "1"]
[WhiteTeam "St Petersburg Bronze Horseman"]
[BlackTeam "Moscow Chess Team"]
[WhiteTeamCountry "RUS"]
[BlackTeamCountry "RUS"]

1. d4 Nf6 2. c4 e6 3. Nc3 Bb4 4. e3 O-O 5. Bd3 d5 6. a3 Bxc3+ 7. bxc3 dxc4 8.
Bxc4 c5 9. Ne2 Qc7 10. Ba2 b6 11. O-O Rd8 12. Ng3 Bb7 13. Bb2 Nbd7 14. Qe2 Nf8
15. e4 Ng6 16. f3 Rac8 17. Rad1 h5 18. Qe3 h4 19. Ne2 Bxe4 20. fxe4 Qxh2+ 21.
Kxh2 Ng4+ 22. Kg1 Nxe3 23. Rc1 Nxf1 24. Kxf1 b5 25. Kf2 Ne7 26. Bb1 cxd4 27.
cxd4 Rxc1 28. Nxc1 Nc8 29. Nb3 Nb6 30. Bc3 Nc4 31. Bb4 Rc8 32. d5 Rd8 33. Na5
Nxa5 34. Bxa5 Rd7 35. Ba2 exd5 36. exd5 Kf8 37. d6 Ke8 38. Bc7 a5 39. Kf3 Rxc7
40. dxc7 Kd7 41. Bxf7 Kxc7 42. Kg4 Kd6 43. Kxh4 1-0

[Event "RUS-ch 74th"]
[Site "Ufa"]
[Date "2021.10.11"]
[Round "3"]
[White "Vitiugov, Nikita"]
[Black "Fedoseev, Vladimir1"]
[Result "1-0"]
[WhiteElo "2727"]
[BlackElo "2704"]
[PlyCount "83"]
[EventDate "2021.10.09"]
[EventType "tourn"]
[EventRounds "11"]
[EventCountry "RUS"]
[EventCategory "18"]
[SourceTitle "EXT 2022"]
[Source "ChessBase"]
[SourceDate "2021.10.06"]
[SourceVersion "1"]
[SourceVersionDate "2021.10.06"]
[SourceQuality "1"]

1. d4 Nf6 2. c4 g6 3. Nc3 Bg7 4. e4 d6 5. Nf3 O-O 6. Be2 e5 7. O-O b6 8. Re1
exd4 9. Nxd4 Bb7 10. f3 Ne8 11. Be3 c5 12. Nc2 Be5 13. Bf1 f5 14. exf5 gxf5 15.
Bh6 Bxh2+ 16. Kxh2 Qh4+ 17. Kg1 Qxh6 18. Re7 Bc6 19. b4 Qg5 20. Qe2 Ng7 21. Nd5
Nd7 22. f4 Qh6 23. Nce3 Bxd5 24. Nxd5 Rae8 25. Re1 Nf6 26. Qf3 cxb4 27. Rxe8
Nfxe8 28. Re7 a5 29. Nxb6 Nf6 30. Nd5 Kh8 31. Nxf6 Qxf6 32. Ra7 d5 33. cxd5
Qd4+ 34. Qf2 Qxd5 35. Qb6 Ra8 36. Bc4 Qd1+ 37. Kh2 Qh5+ 38. Kg1 Rxa7 39. Qxa7
Qd1+ 40. Kh2 Qd8 41. g3 h5 42. Qa6 1-0

[Event "RUS-ch 74th"]
[Site "Ufa"]
[Date "2021.10.13"]
[Round "5"]
[White "Vitiugov, Nikita"]
[Black "Andreikin, Dmitry"]
[Result "1-0"]
[WhiteElo "2727"]
[BlackElo "2728"]
[PlyCount "76"]
[EventDate "2021.10.09"]
[EventType "tourn"]
[EventRounds "11"]
[EventCountry "RUS"]
[EventCategory "18"]
[SourceTitle "EXT 2022"]
[Source "ChessBase"]
[SourceDate "2021.10.06"]
[SourceVersion "1"]
[SourceVersionDate "2021.10.06"]
[SourceQuality "1"]

1. d4 Nf6 2. c4 e6 3. Nf3 d5 4. g3 Bb4+ 5. Nc3 O-O 6. Bg2 dxc4 7. O-O Nc6 8.
Re1 Be7 9. e4 Nb4 10. Ne5 c5 11. d5 exd5 12. exd5 Bf5 13. Nxc4 Nc2 14. Re5 Bg6
15. d6 Bxd6 16. Nxd6 Nxa1 17. Bg5 Nc2 18. Nd5 Kh8 19. Ne4 Qb8 20. Bxf6 gxf6 21.
Re7 Nb4 22. Nxb4 cxb4 23. Qd4 Qd8 24. Qxf6+ Kg8 25. Nd6 Rc8 26. Nxc8 Qd1+ 27.
Bf1 Rxc8 28. Rxb7 a5 29. h4 Qd8 30. Qe5 h5 31. Be2 Qf8 32. Bf3 Rc5 33. Bd5 Kh7
34. Rd7 Qc8 35. Qe7 Rc1+ 36. Kg2 Qa6 37. Bxf7 Qf1+ 38. Kf3 Qh1+ 1-0

[Event "RUS-ch 74th"]
[Site "Ufa"]
[Date "2021.10.17"]
[Round "8"]
[White "Alekseenko, Kirill"]
[Black "Vitiugov, Nikita"]
[Result "0-1"]
[WhiteElo "2710"]
[BlackElo "2727"]
[PlyCount "120"]
[EventDate "2021.10.09"]
[EventType "tourn"]
[EventRounds "11"]
[EventCountry "RUS"]
[EventCategory "18"]
[SourceTitle "EXT 2022"]
[Source "ChessBase"]
[SourceDate "2021.10.06"]
[SourceVersion "1"]
[SourceVersionDate "2021.10.06"]
[SourceQuality "1"]

1. e4 e5 2. Nf3 Nc6 3. Bb5 a6 4. Ba4 Nf6 5. Nc3 Bc5 6. O-O O-O 7. Bxc6 dxc6 8.
d3 Nd7 9. Be3 Bd6 10. Ne2 Re8 11. Nd2 Nf8 12. f3 Ne6 13. Qe1 c5 14. Qf2 Rf8 15.
Kh1 b6 16. a4 Bb7 17. Nc4 f6 18. Qg3 Qd7 19. Bd2 Rae8 20. b3 Kh8 21. Qe1 Bc6
22. Ne3 Qf7 23. Nf5 Bd7 24. c4 a5 25. Qg3 Nd8 26. Nxd6 cxd6 27. f4 Nc6 28. Rf2
Qg6 29. Qe3 f5 30. Raf1 Kg8 31. Ng3 Nd4 32. Bc3 fxe4 33. dxe4 Qh6 34. Bxd4 exd4
35. Qd3 Bc6 36. f5 Rf7 37. Rf4 Qf6 38. Rg4 Qe5 39. Rff4 Kh8 40. Qd2 Ref8 41. h3
Bd7 42. Nh5 Be8 43. Rf3 Bc6 44. Rff4 Rg8 45. Rh4 Qe7 46. Qf2 Qg5 47. Ng3 Re8
48. Qf3 Kg8 49. Kh2 Bb7 50. Nh5 Kh8 51. Qd1 Bc6 52. Rfg4 Qe3 53. Rg3 Qh6 54.
Rgg4 Qe3 55. Rg3 Qh6 56. Qd3 Re5 57. Rgg4 Qc1 58. Nf4 Kg8 59. Rxh7 Bxe4 60.
Rgh4 Qxf4+ 0-1